<?xml version="1.0" encoding="UTF-8"?>
<record
    xmlns:xsi="http://www.w3.org/2001/XMLSchema-instance"
    xsi:schemaLocation="http://www.loc.gov/MARC21/slim http://www.loc.gov/standards/marcxml/schema/MARC21slim.xsd"
    xmlns="http://www.loc.gov/MARC21/slim">

  <leader>00504nam a22001937a 4500</leader>
  <datafield tag="999" ind1=" " ind2=" ">
    <subfield code="c">172022</subfield>
    <subfield code="d">172022</subfield>
  </datafield>
  <controlfield tag="005">20200124162609.0</controlfield>
  <datafield tag="010" ind1=" " ind2=" ">
    <subfield code="a">A-791361</subfield>
  </datafield>
  <datafield tag="020" ind1=" " ind2=" ">
    <subfield code="c">100.00</subfield>
  </datafield>
  <datafield tag="035" ind1=" " ind2=" ">
    <subfield code="a">A-791361</subfield>
  </datafield>
  <datafield tag="037" ind1=" " ind2=" ">
    <subfield code="b">BPPD/Pub.</subfield>
  </datafield>
  <datafield tag="082" ind1=" " ind2=" ">
    <subfield code="a">&#x6A9;</subfield>
  </datafield>
  <datafield tag="100" ind1=" " ind2=" ">
    <subfield code="a">&#x645;&#x6CC;&#x6C1;&#x62F;&#x6CC; &#x679;&#x648;&#x646;&#x6A9;&#x6CC;</subfield>
  </datafield>
  <datafield tag="245" ind1=" " ind2=" ">
    <subfield code="a">&#x62A;&#x627;&#x632;&#x6C1; &#x631;&#x648;&#x679;&#x6CC; &#x6A9;&#x6CC; &#x645;&#x6CC;&#x6C1;&#x6A9; /</subfield>
    <subfield code="c">&#x645;&#x6CC;&#x6C1;&#x62F;&#x6CC; &#x679;&#x648;&#x646;&#x6A9;&#x6CC;</subfield>
  </datafield>
  <datafield tag="246" ind1=" " ind2=" ">
    <subfield code="a">Taaza Roti ki Mehek (Urdu) /</subfield>
    <subfield code="b">by Mehdi Tonki</subfield>
  </datafield>
  <datafield tag="260" ind1=" " ind2=" ">
    <subfield code="a">-</subfield>
    <subfield code="b">-</subfield>
    <subfield code="c">1996 &#x621;</subfield>
  </datafield>
  <datafield tag="270" ind1=" " ind2=" ">
    <subfield code="a">-</subfield>
    <subfield code="b">-</subfield>
    <subfield code="e">-</subfield>
  </datafield>
  <datafield tag="300" ind1=" " ind2=" ">
    <subfield code="a">144p.</subfield>
    <subfield code="c">22cm(Hb)</subfield>
  </datafield>
  <datafield tag="942" ind1=" " ind2=" ">
    <subfield code="2">ddc</subfield>
    <subfield code="c">UR</subfield>
    <subfield code="h">&#x6A9;</subfield>
    <subfield code="m">&#x645; &#x6C1; &#x62F;</subfield>
  </datafield>
  <datafield tag="952" ind1=" " ind2=" ">
    <subfield code="0">0</subfield>
    <subfield code="1">0</subfield>
    <subfield code="4">0</subfield>
    <subfield code="7">0</subfield>
    <subfield code="8">NFIC</subfield>
    <subfield code="a">L</subfield>
    <subfield code="b">L</subfield>
    <subfield code="d">2020-01-24</subfield>
    <subfield code="e">BPPD/Ven.</subfield>
    <subfield code="g">100.00</subfield>
    <subfield code="l">0</subfield>
    <subfield code="o">&#x6A9; &#x645; &#x6C1; &#x62F;</subfield>
    <subfield code="p">A-791361</subfield>
    <subfield code="r">2020-01-24 00:00:00</subfield>
    <subfield code="t">1</subfield>
    <subfield code="v">100.00</subfield>
    <subfield code="w">2020-01-24</subfield>
    <subfield code="y">UR</subfield>
  </datafield>
</record>
